Úloha podnikovej kultúry vo vybranej organizácii a jej vplyv na riadenie ľudských zdrojov diplomová práca

Na minha lista:
Detalhes bibliográficos
Autor principal: Sádovská, Veronika
Autor Corporativo: Fakulta podnikového manažmentu EU. Katedra manažmentu
Outros Autores: Joniaková, Zuzana, 1970-
Formato: Livro
Idioma:eslovaco
Publicado em: Bratislava 2020
Tags: Adicionar Tag
Sem tags, seja o primeiro a adicionar uma tag!

MARC

LEADER 00000nbm a2200000 4500
001 0265843
005 20201130134522.4
041 0 |a slo 
044 |a SK 
245 1 0 |a Úloha podnikovej kultúry vo vybranej organizácii a jej vplyv na riadenie ľudských zdrojov  |b diplomová práca  |c Veronika Sádovská ; školiteľ: Zuzana Joniaková 
264 1 |a Bratislava  |c 2020 
300 |a 89 s. 
100 1 |a Sádovská, Veronika 
700 1 |a Joniaková, Zuzana, 1970- 
710 2 |a Fakulta podnikového manažmentu EU. Katedra manažmentu